[Event "ESP-chT Rapid"]
[Site "Ubeda"]
[Date "2023.09.23"]
[Round "4.4"]
[White "Martinez Agudo, Jorge"]
[Black "Macias Pino, Diego"]
[Result "0-1"]
[WhiteElo "1737"]
[BlackElo "2438"]
[PlyCount "46"]
[EventDate "2023.09.23"]
[EventType "team-swiss (rapid)"]
[EventRounds "9"]
[EventCountry "ESP"]
[SourceTitle "EXT 2024"]
[Source "ChessBase"]
[SourceDate "2023.10.10"]
[SourceVersion "1"]
[SourceVersionDate "2023.10.10"]
[SourceQuality "1"]
[WhiteTeam "Albatros"]
[BlackTeam "Andreu Paterna"]
[WhiteTeamCountry "ESP"]
[BlackTeamCountry "ESP"]

1. e4 c5 2. b3 g6 3. Bb2 Nf6 4. f4 Bg7 5. Nf3 0-0 6. d3 d5 7. e5 Ng4 8. h3 Ne3 9. Qc1 d4 10. c3 Nc6 11. cxd4 cxd4 12. Na3 f6 13. Nxd4 Nxd4 14. Qxe3 fxe5 15. fxe5 Nf5 16. Qd2 Bh6 17. Qc3 Be6 18. Bc1 Rc8 19. Qb2 Qa5+ 20. b4 Bxc1 21. Rxc1 Rxc1+ 22. Qxc1 Qxb4+ 23. Kd1 Ng3 0-1